Metódy rozpoznávania typu straty paketov pre transportné protokoly
Na minha lista:
| Autor principal: | |
|---|---|
| Outros Autores: | |
| Formato: | Manuscrito Livro |
| Idioma: | eslovaco |
| Publicado em: |
2018
|
| Assuntos: | |
| Acesso em linha: | http://is.stuba.sk/zp/portal_zp.pl?podrobnosti=122912 |
| Tags: |
Sem tags, seja o primeiro a adicionar uma tag!
|
MARC
| LEADER | 00000ntm a22000003a 4500 | ||
|---|---|---|---|
| 001 | stuzp70278 | ||
| 003 | SK-STU | ||
| 005 | 20190214102155.3 | ||
| 007 | ta | ||
| 008 | 150427s2015----xo-----f-mn---000-0-slo-d | ||
| 040 | |a STU |b slo | ||
| 041 | 0 | |a slo | |
| 044 | |a xo | ||
| 100 | 1 | |a Lagin, Filip |u 070400 |4 aut |U FIIT Fakulta informatiky a informačných technológií |T FIIT Ústav počítačového inžinierstva a aplikovanej informatiky |X 79636 |U I400 |Y 672 |7 79636 | |
| 242 | 0 | 1 | |a Methods to recognize type of packet loss for transport protocols |y eng |
| 245 | 1 | 0 | |a Metódy rozpoznávania typu straty paketov pre transportné protokoly |
| 260 | |c 2018 | ||
| 300 | |a 42 s., príl. | ||
| 650 | 4 | |a TCP |2 slo | |
| 650 | 4 | |a Strata packetu |2 slo | |
| 650 | 4 | |a Zahltenie |2 slo | |
| 650 | 4 | |a Packet loss |2 eng | |
| 650 | 4 | |a Congestion |2 eng | |
| 650 | 4 | |a TCP |2 eng | |
| 700 | 1 | |a Trúchly, Peter |u 070400 |k Z1 |4 ths |U FIIT Fakulta informatiky a informačných technológií |T FIIT Ústav počítačového inžinierstva a aplikovanej informatiky |X 1917 |U I400 |Y 672 |7 1917 | |
| 856 | 4 | |u http://is.stuba.sk/zp/portal_zp.pl?podrobnosti=122912 | |
| 996 | |b IZP20180050 |c I*BAP64/18 |l II680 |s P |a 0 |w stuzp70278_0001 | ||